Mechanics of materials

Now featuring the problem-solving CD-ROM, StressAlyzer, the Sixth Edition of this book continues its tradition as the leading text in Mechanics of Materials. With its hallmark clarity and accuracy, this text develops student understanding along with analytical and problem-solving skills. The main to...

Fuld beskrivelse

Đã lưu trong:
Bibliografiske detaljer
Hovedforfatter: Gere, James M.
Format: Bog
Sprog:Undetermined
Udgivet: Australia Thomson 2004
Fag:
Tags: Tilføj Tag
Ingen Tags, Vær først til at tagge denne postø!
Thư viện lưu trữ: Trung tâm Học liệu Trường Đại học Cần Thơ
LEADER 01103nam a2200205Ia 4500
001 CTU_213543
008 210402s9999 xx 000 0 und d
082 |a 620.11 
082 |b G367 
100 |a Gere, James M. 
245 0 |a Mechanics of materials 
245 0 |c James M. Gere 
260 |a Australia 
260 |b Thomson 
260 |c 2004 
520 |a Now featuring the problem-solving CD-ROM, StressAlyzer, the Sixth Edition of this book continues its tradition as the leading text in Mechanics of Materials. With its hallmark clarity and accuracy, this text develops student understanding along with analytical and problem-solving skills. The main topics are the analysis and design of structural members subjected to tension, compression, torsion, bending, and more. The book includes more material than can be taught in a single course so instructors have the opportunity to select the topics they wish to cover. 
650 |a Strength of materials 
904 |i Tuyến 
910 |a Sách kèm đĩa có số AV.000618 
980 |a Trung tâm Học liệu Trường Đại học Cần Thơ